Trojpolohový mechanizmus pre nekonvenčné radenie vo vozidlovej prevodovke

Saved in:
Bibliographic Details
Main Author: Javorský, Richard (Author)
Other Authors: Milesich, Tomáš (Thesis advisor)
Format: Manuscript Book
Language:Slovak
Published: 2021
Subjects:
Online Access:http://is.stuba.sk/zp/portal_zp.pl?podrobnosti=157153
Tags: Add Tag
No Tags, Be the first to tag this record!

MARC

LEADER 00000ntm a22000003a 4500
001 stuzp85854
003 SK-STU
005 20210612214052.2
007 ta
008 150427s2015----xo-----f-mn---000-0-slo-d
040 |a STU  |b slo 
041 0 |a slo 
100 1 |a Javorský, Richard  |u 020030  |k Z4  |4 aut  |U SjF Strojnícka fakulta  |T SjF Ústav dopravnej techniky a konštruovania  |X 87696  |U J0030  |Y 806  |7 87696 
242 0 1 |a Three-position mechanism for unconventional shifting in the vehicle transmission  |y eng 
245 1 0 |a Trojpolohový mechanizmus pre nekonvenčné radenie vo vozidlovej prevodovke 
260 |c 2021 
650 4 |a trojpolohový mechanizmus  |2 slo 
650 4 |a vozidlo  |2 slo 
650 4 |a vidlička radenia  |2 slo 
650 4 |a elektromotor  |2 slo 
650 4 |a nekonvenčné radenie  |2 slo 
650 4 |a prevodovka  |2 slo 
650 4 |a transmission  |2 eng 
650 4 |a shift fork  |2 eng 
650 4 |a vehicle  |2 eng 
650 4 |a three-position mechanism  |2 eng 
650 4 |a unconventional shifting  |2 eng 
650 4 |a electric motor  |2 eng 
700 1 |a Milesich, Tomáš  |u 020030  |k Z2  |4 ths  |U SjF Strojnícka fakulta  |T SjF Ústav dopravnej techniky a konštruovania  |X 49630  |U J0030  |Y 806  |7 A000049630 
856 4 |u http://is.stuba.sk/zp/portal_zp.pl?podrobnosti=157153 
996 |b 284J046645  |c J* 3325/DDP  |l JJSK  |s A  |a 24  |w stuzp85854_0001